00899nac a22002531u 4500010001600000020001500016082002200031090001500053100003400068245006500102260005700167300003600224500002800260500002000288500002600308504003000334511002600364650002400390650002700414650005500441942002400496999001500520952011000535 a 89003927 a013744723X00a620.00420285bPHA c9516d9516 aPhadke, Madhav Shridha 10aQuality engineering using robust design /cMadhav S. Phadke. aEnglewood Cliffs, N.J. :bPrentice Hall,1989cc1989. axviii, 334 p. :bill. ;c25 cm. aAt head of title: AT&T. aIncludes index. adistributer: Al-Ahram aBibliography: p. 321-325. acatalogued by: wessam 0aEngineering design. 0aComputer-aided design. 0aIntegrated circuitsxVery large scale integration. cBBk620.00420285PHA c9516d9516 00104070aMAINbMAINc1STd2008-05-18ePurchasel0o620.00420285PHAp000011574r2025-07-15 00:00:00yBB